|
|
|
|
| LEADER |
00000nab a2200000 a 4500 |
| 001 |
vtls000448774 |
| 003 |
SK-MaSNL |
| 005 |
20260511101519.0 |
| 008 |
120926c1989 xo 0 slo |
| 015 |
|
|
|a SNBRA19rr/mm-uuuuu
|
| 035 |
|
|
|a CL0448905
|
| 040 |
|
|
|a SNKBUCL
|b slo
|c SNKBUCL
|e AACR2
|
| 041 |
0 |
|
|a slo
|
| 044 |
|
|
|a xo
|c SK
|
| 080 |
|
|
|a 681.3:801.11
|2 1981
|
| 080 |
|
|
|a 801.11
|2 1981
|
| 100 |
1 |
|
|a Krchnavý, J.
|4 aut
|9 972386
|
| 245 |
1 |
0 |
|a Spracovanie textov v národných abecedách na personálnych počítačoch
|c J. Krchnavý
|
| 650 |
0 |
7 |
|a osobné počítače
|2 SNKPH
|9 960
|
| 650 |
0 |
7 |
|a abeceda
|2 SNKPH
|9 2159
|
| 650 |
0 |
7 |
|a texty (kyb.)
|2 SNK
|9 972387
|
| 650 |
0 |
7 |
|a počítačové spracovanie textu
|2 SNK
|9 487542
|
| 655 |
|
7 |
|a články zo zborníkov
|2 SNKPH
|9 166140
|
| 773 |
0 |
|
|t SMEP 89
|d Bratislava : Dom techniky ČSVTS, 1989
|
| 850 |
|
|
|a Slovenská národná knižnica v Martine
|a MTA001
|
| 852 |
|
|
|a SNK
|b KIS3GCP
|
| 958 |
|
|
|a RK
|
| 992 |
|
|
|a RZB
|
| 999 |
|
|
|c 1555049
|d 1556979
|